Southville International School and Colleges
Your cart is empty.
  • Cart
  • Lists
    Public lists Eva Luna New books Lux_list list_1
    Your lists Log in to create your own lists
  • Log in to your account
  • Your cookies
  • Search history
Southville International School and Colleges
  • Advanced search
  • Recent comments
  • Most popular
  • Libraries

Log in to your account

Log in with GOOGLE


If you do not have an external account, but do have a local account, you can still log in:

  1. Home
  2. MARC view: The extreme future :
Normal view MARC view ISBD view

The extreme future : (Record no. 39493)

[ view plain ]
MARC details
000 -LEADER
fixed length control field 00685nam a2200217 a 4500
003 - CONTROL NUMBER IDENTIFIER
control field PILC
005 - DATE AND TIME OF LATEST TRANSACTION
control field 20160218141253.0
008 - FIXED-LENGTH DATA ELEMENTS--GENERAL INFORMATION
fixed length control field 070906s19uu xx 00 eng d
020 ## - INTERNATIONAL STANDARD BOOK NUMBER
International Standard Book Number 0525949380
050 ## - LIBRARY OF CONGRESS CALL NUMBER
Classification number CB 161
Item number .C355 2006
100 ## - MAIN ENTRY--PERSONAL NAME
Personal name Canton, James.
245 ## - TITLE STATEMENT
Title The extreme future :
Remainder of title the top trends that will reshape the world in the next 20 years /
Statement of responsibility, etc James Canton.
260 ## - PUBLICATION, DISTRIBUTION, ETC. (IMPRINT)
Place of publication, distribution, etc New York, U.S.A :
Name of publisher, distributor, etc Plume Book,
Date of publication, distribution, etc 2006.
300 ## - PHYSICAL DESCRIPTION
Extent 371 pages :
Dimensions 23 cm.
Other physical details illustrations ;
500 ## - GENERAL NOTE
General note Includes index.
650 ## - SUBJECT ADDED ENTRY--TOPICAL TERM
Topical term or geographic name as entry element Twenty-first century
General subdivision Forecasts.
650 ## - SUBJECT ADDED ENTRY--TOPICAL TERM
Topical term or geographic name as entry element Social change
General subdivision Forecasting.
650 ## - SUBJECT ADDED ENTRY--TOPICAL TERM
Topical term or geographic name as entry element Social prediction.
942 ## - ADDED ENTRY ELEMENTS (KOHA)
Koha item type Books
Source of classification or shelving scheme Library of Congress Classification
Call number prefix Foreign
Holdings
Withdrawn status Lost status Source of classification or shelving scheme Damaged status Home library Current library Shelving location Date acquired Source of acquisition Cost, normal purchase price Total Checkouts Full call number Barcode Date last seen Copy number Price effective from Koha item type
    Library of Congress Classification   College Library College Library General Circulation Section 09/06/2007 Library Fund 669.00   CB 161 .C355 2007 C8653 05/15/2018 1 10/18/2013 Books

The extreme future :

APA

Canton J., . (2006). The extreme future. New York, U.S.A: Plume Book.

Chicago

Canton James, . 2006. The extreme future. New York, U.S.A: Plume Book.

Harvard

Canton J., . (2006). The extreme future. New York, U.S.A: Plume Book.

MLA

Canton James, . The extreme future. New York, U.S.A: Plume Book. 2006.

  • Place hold
  • Print
  • Cite
  • Add to your cart (remove)
  • Save record
    BIBTEX Dublin Core MARCXML MARC (non-Unicode/MARC-8) MARC (Unicode/UTF-8) MARC (Unicode/UTF-8, Standard) MODS (XML) RIS
  • More searches
    Search for this title in:
    Other Libraries (WorldCat) Other Databases (Google Scholar) Online Stores (Bookfinder.com) Open Library (openlibrary.org)

Exporting to Dublin Core...

SOUTHVILLE LIBRARY

Southville International School and Colleges Library

1281 Tropical Ave. Cor. Luxembourg St., BF Homes International, Las Pinas City

Tel. No. 8256374 / 252358 Loc. 117/146

Powered by Koha